Normal view
MARC view
- DESIGINING CAST EFFICIENT MACHANISMS
Entry Topical Term
001 - CONTROL NUMBER
- control field: 66422
003 - CONTROL NUMBER IDENTIFIER
- control field: NUST
005 - DATE AND TIME OF LATEST TRANSACTION
- control field: 20210628203605.0
008 - FIXED-LENGTH DATA ELEMENTS
- fixed length control field: 210628|| aca||aabn | a|a d
040 ## - CATALOGING SOURCE
- Original cataloging agency: NUST
- Transcribing agency: NUST
150 ## - HEADING--TOPICAL TERM
- Topical term or geographic name entry element: DESIGINING CAST EFFICIENT MACHANISMS
670 ## - SOURCE DATA FOUND
- Source citation: Work cat.: (NUST): Kamm, Lawrence J 66421, Desigining cast efficient machanisms, 1990
